000 00545nam a22001817a 4500
999 _c18732
_d18732
003 AR-CdUCM
008 190515b ||||| |||| 00| 0 spa d
040 _aMUNICIPALIDAD PROVINCIAL DEL CUSCO
_cBIBLIOTECA MUNICIPAL DEL CUSCO
082 _a947.084 /
_bH17
100 _aHalm, Hans.
_939491
245 _aLa Rusia Soviética de hoy /
260 _aSantiago de Chile :
_bLuz,
_c1996.
300 _a47 páginas ;
_c19 cm.
650 _aRusia.
_9499
700 _aHepp D., V. (traductor)
_939492
942 _2ddc
_cLIBROS
945 _arum
_d2019-05-15